Alle Stadien der deutschen Ligen 2025/2026 - Statistiken

Allgemein
  • Dieses Quiz wurde 213 mal gespielt
  • Das Durchschnittsergebnis liegt bei 38 aus 56
Antwortstatistiken
Mannschaft Stadion Name % Korrekt
FC Bayern München Allianz Arena
98%
Borussia Dortmund Signal Iduna Park
94%
FC St.Pauli Millerntor Stadion
90%
RB Leipzig RedBull Arena
90%
SV Werder Bremen Weserstadion
89%
1. FC Köln Rheinenergie Stadion
88%
SC Freiburg Europapark Stadion
87%
Eintracht Frankfurt Deutsche Bank Park
86%
Bayer 04 Leverkusen BayArena
85%
1.FC Union Berlin Stadion An der Alten Försterei
84%
FC Schalke 04 Veltins Arena
84%
Borussia Mönchengladbach Borussia Park
83%
1. FC Kaiserslautern Fritz-Walter-Stadion
83%
Holstein Kiel Holstein Stadion
83%
1. FC Nürnberg Max Morlock Stadion
83%
Hertha BSC Olympiastadion
82%
Hamburger SV Volksparkstadion
80%
VFL Wolfsburg Volkswagen Arena
80%
SSV Jahn Regensburg Jahn Stadion
78%
VFB Stuttgart MHP Arena
78%
Dynamo Dresden Rudolf-Harbig-Stadion
78%
Eintracht Braunschweig EINTRACHT Stadion
77%
FSV Mainz 05 MEWA Arena
77%
SV Waldhof Mannheim Carl-Benz Stadion
76%
FC Energie Cottbus LEAG Energie Stadion
75%
1. FC Schweinfurt 05 Riedel Bau Arena im Sachs Stadion
75%
TSG 1899 Hoffenheim II Dietmar-Hopp-Stadion
74%
Fortuna Düsseldorf Merkur Spiel Arena
74%
TSG Hoffenheim Prezero Arena
73%
TSV Havelse Wilhelm-Langrehr-Stadion
73%
FC Augsburg WWK Arena
72%
Hannover 96 Heinz-von-Heiden-Arena
66%
Arminia Bielefeld Schüco Arena
66%
VFL Bochum Vonovia Ruhrstadion
66%
FC Hansa Rostock Ostseestadion
65%
FC Heidenheim Voith Arena
65%
MSV Duisburg Schauinsland-Reisen-Arena
63%
SV Darmstadt Merck-Stadion am Böllenfalltor
59%
SV Wehen Wiesbaden BRITA-Arena
58%
SC Preußen Münster LVM-Preußenstadion
58%
Karlsruher SC BBBank Wildpark
56%
SC Paderborn Home Deluxe Arena
56%
Alemannia Aachen Tivoli
56%
VfL Osnabrück Bremer Brücke
53%
FC Ingolstadt Audi Sportpark
50%
1. FC Magdeburg Avnet-Arena
49%
SC Verl SPORTCLUB Arena
49%
SSV Ulm Donaustadion
47%
VfB Stuttgart II WIRmachenDRUCK Arena
47%
TSV 1860 München Städtisches Stadion an der Grünwalder Straße
45%
SpVgg Greuther Fürth Sportpark Ronhof
44%
1. FC Saarbrücken Ludwigsparkstadion
42%
Rot-Weiß Essen Stadion an der Hafenstraße
42%
FC Erzgebirge Aue eins Erzgebirgsstadion
40%
SV Elversberg Ursapharm-Arena an der Kaiserlinde
33%
Viktoria Köln Sportpark Höhenberg
14%
Keine übereinstimmenden Quizze gefunden
Verteilung der Resultate
Anzahl Personen mit jedem Resultat
Perzentil nach korrekt beantworteten Fragen
Ihre Resultats-Entwicklung
Sie haben dieses Quiz noch nicht gespielt